000 005940000a22001690004500
090 _aAR
_b02767
245 1 0 _aMolecular systematics of Tetraplasandra, Munroidendron and Reynoldsia sandwicensis (<Araliaceae>) and the evolution of superior ovaries in Tetraplasandra
650 1 4 _aBiología molecular
_993011
650 1 4 _aSistemática molecular
_97267
650 1 4 _aAnálisis genético
_975159
650 1 4 _aPlantas
_992294
041 0 _aInglés
700 1 _aMotley, T. J.
_996199
100 1 _aCostello, A.
_996200
942 _cARTICULO
773 1 _tEdinb. J. Bot.
_31313
_h2
_q229-242
_d2001
_g58
999 _c11828
_d11828